[Event "RUS-chT Men Rapid 2019"]
[Site "Sochi"]
[Date "2019.10.18"]
[Round "4.28"]
[White "Dianov, Alexey"]
[Black "Garifullina, Leya"]
[Result "1-0"]
[WhiteElo "2158"]
[BlackElo "2189"]
[Annotator "NA"]
[PlyCount "151"]
[EventDate "2019.10.18"]
[EventType "swiss"]
[EventCountry "RUS"]
[SourceTitle "playchess.com"]
[Source "ChessBase"]
[SourceQuality "1"]
[TimeControl "900+10"]

1. e4 {[%emt 0:00:00]} c5 {[%emt 0:00:00]} 2. c3 {[%emt 0:00:00]} e6 {[%emt 0:00:00]} 3. d4 {[%emt 0:00:00]} d5 {[%emt 0:00:00]} 4. exd5 {[%emt 0:00:00]} exd5 {[%emt 0:00:00]} 5. Nf3 {[%emt 0:00:00]} Nc6 {[%emt 0:00:02]} 6. Bb5 {[%emt 0:00:04]} Bd6 {[%emt 0:00:01]} 7. dxc5 {[%emt 0:00:02]} Bxc5 {[%emt 0:00:02]} 8. O-O {[%emt 0:00:02]} Nge7 {[%emt 0:00:13]} 9. Nbd2 {[%emt 0:00:04]} O-O {[%emt 0:00:03]} 10. Nb3 {[%emt 0:00:03]} Bb6 {[%emt 0:00:02]} 11. Nbd4 {[%emt 0:00:35]} Bg4 {[%emt 0:00:34]} 12. Nxc6 {[%emt 0:00:18]} bxc6 {[%emt 0:00:03]} 13. Be2 {[%emt 0:00:03]} Bc7 {[%emt 0:00:17]} 14. Qa4 {[%emt 0:00:23]} Bh5 {[%emt 0:00:28]} 15. Bf4 {[%emt 0:00:08]} Rb8 {[%emt 0:00:26]} 16. Bxc7 {[%emt 0:00:31]} Qxc7 {[%emt 0:00:02]} 17. b3 {[%emt 0:00:02]} Ng6 {[%emt 0:00:24]} 18. Nd4 {[%emt 0:01:25]} Bxe2 {[%emt 0:00:28]} 19. Nxe2 {[%emt 0:00:01]} Rfe8 {[%emt 0:00:15]} 20. Ng3 {[%emt 0:00:25]} Nf4 {[%emt 0:01:21]} 21. Rfe1 {[%emt 0:00:16]} Ne6 {[%emt 0:01:32]} 22. Rad1 {[%emt 0:01:00]} Rbd8 {[%emt 0:00:34]} 23. Qg4 {[%emt 0:00:10]} Qf4 {[%emt 0:00:18]} 24. Qxf4 {[%emt 0:00:34]} Nxf4 {[%emt 0:00:02]} 25. Kf1 {[%emt 0:00:40]} Rxe1+ {[%emt 0:00:27]} 26. Rxe1 {[%emt 0:00:08]} Kf8 {[%emt 0:00:13]} 27. Ne2 {[%emt 0:00:59]} Nxe2 {[%emt 0:00:04]} 28. Rxe2 {[%emt 0:00:00]} Rb8 {[%emt 0:00:42]} 29. Rd2 {[%emt 0:00:18]} Ke7 {[%emt 0:00:05]} 30. Rd4 {[%emt 0:00:03]} Ke6 {[%emt 0:00:19]} 31. Ra4 {[%emt 0:00:03]} Rb7 {[%emt 0:00:02]} 32. Ra6 {[%emt 0:00:05]} Kd6 {[%emt 0:00:05]} 33. Ke2 {[%emt 0:00:01]} Kc5 {[%emt 0:00:24]} 34. Ra4 {[%emt 0:00:39]} Re7+ {[%emt 0:00:19]} 35. Kd2 {[%emt 0:00:03]} Kb6 {[%emt 0:00:16]} 36. Rg4 {[%emt 0:00:21]} g6 {[%emt 0:00:10]} 37. Rh4 {[%emt 0:00:02]} h5 {[%emt 0:00:01]} 38. Rf4 {[%emt 0:00:02]} Kc5 {[%emt 0:00:05]} 39. Rf6 {[%emt 0:00:30]} Kb6 {[%emt 0:02:29]} 40. h4 {[%emt 0:00:10]} Kc5 {[%emt 0:01:46]} 41. f3 {[%emt 0:00:17]} Kb6 {[%emt 0:00:09]} 42. g3 {[%emt 0:02:33]} a5 {[%emt 0:00:06]} 43. Rf4 {[%emt 0:02:16]} Kc5 {[%emt 0:01:28]} 44. g4 {[%emt 0:00:18]} hxg4 {[%emt 0:00:08]} 45. fxg4 {[%emt 0:00:01]} Kd6 {[%emt 0:01:03]} 46. h5 {[%emt 0:01:24]} gxh5 47. gxh5 Re5 {[%emt 0:01:32]} 48. Rh4 {[%emt 0:00:18]} Re8 {[%emt 0:00:04]} 49. h6 {[%emt 0:01:11]} Rh8 {[%emt 0:00:01]} 50. h7 {[%emt 0:00:13]} Ke5 {[%emt 0:00:17]} 51. a4 {[%emt 0:00:01]} c5 {[%emt 0:00:04]} 52. Rh5+ {[%emt 0:00:10]} f5 {[%emt 0:00:04]} 53. Ke3 {[%emt 0:00:12]} c4 {[%emt 0:00:26]} 54. bxc4 {[%emt 0:00:28]} dxc4 {[%emt 0:00:02]} 55. Kf3 {[%emt 0:00:02]} Kf6 {[%emt 0:00:07]} 56. Kf4 {[%emt 0:00:09]} Kg6 {[%emt 0:00:01]} 57. Rg5+ {[%emt 0:00:21]} Kh6 {[%emt 0:00:29]} 58. Rg1 {[%emt 0:00:14]} Rxh7 {[%emt 0:02:03]} 59. Rh1+ {[%emt 0:00:01]} Kg6 {[%emt 0:00:00]} 60. Rxh7 {[%emt 0:00:01]} Kxh7 {[%emt 0:00:01]} 61. Kxf5 {[%emt 0:00:01]} Kg7 {[%emt 0:00:03]} 62. Ke5 {[%emt 0:00:02]} Kf7 {[%emt 0:00:01]} 63. Kd5 {[%emt 0:00:02]} Ke7 {[%emt 0:00:01]} 64. Kxc4 {[%emt 0:00:01]} Kd7 {[%emt 0:00:01]} 65. Kb5 {[%emt 0:00:01]} Kd6 {[%emt 0:00:01]} 66. c4 {[%emt 0:00:06]} Kc7 {[%emt 0:00:02]} 67. Kxa5 {[%emt 0:00:02]} Kc6 {[%emt 0:00:00]} 68. Kb4 {[%emt 0:00:01]} Kb6 69. c5+ Kc6 {[%emt 0:00:03]} 70. Kc4 {[%emt 0:00:01]} Kc7 {[%emt 0:00:01]} 71. Kb5 {[%emt 0:00:01]} Kb7 {[%emt 0:00:01]} 72. c6+ {[%emt 0:00:00]} Kc7 {[%emt 0:00:01]} 73. Kc5 {[%emt 0:00:01]} Kc8 {[%emt 0:00:01]} 74. Kb6 {[%emt 0:00:00]} Kb8 {[%emt 0:00:00]} 75. c7+ {[%emt 0:00:01]} Kc8 {[%emt 0:00:01]} 76. a5 1-0

[Event "RUS-chT Men Rapid 2019"]
[Site "Sochi"]
[Date "2019.10.18"]
[Round "5.1"]
[White "Goryachkina, Aleksandra"]
[Black "Grachev, Boris"]
[Result "1/2-1/2"]
[WhiteElo "2575"]
[BlackElo "2621"]
[Annotator "TA"]
[PlyCount "74"]
[EventDate "2019.10.18"]
[EventType "swiss"]
[EventCountry "RUS"]
[SourceTitle "playchess.com"]
[Source "ChessBase"]
[SourceQuality "1"]

{[%evp 10,74,27,24,24,25,28,28,35,24,20,0,0,6,7,3,8,0,17,0,20,12,20,-5,16,0,13,11,10,4,27,-13,-8,-17,-13,-17,-17,-17,-12,-11,0,0,0,0,0,0,0,0,0,0,0,-9,0,0,0,0,0,-10,-10,-27,-27,-64,-18,-56,0,-11,-65]} 1. e4 c5 2. Nf3 e6 3. c3 d5 4. exd5 exd5 5. d4 a6 6. Bd3 c4 {B22: Sicilian: 2 c3} 7. Bc2 Bd6 8. O-O (8. Ne5 Bxe5 9. dxe5 Nc6 10. O-O Nge7 11. Re1 Be6 12. Be3 Qa5 13. Nd2 O-O-O 14. Nf3 {½-½ (39) Belyakov,B (2505)-Grachev,B (2621) St Petersburg 2019}) 8... Ne7 {White has an edge.} 9. Re1 O-O 10. Bg5 f6 11. Bh4 Nbc6 12. Bg3 Bf5 13. Nbd2 {[%cal Bb1d2,Bd2f1,Bf1g3][%mdl 32]} Qd7 14. Nf1 Rae8 $146 ({Predecessor:} 14... Bxg3 15. Nxg3 Bxc2 16. Qxc2 {1-0 (88) Draskovic,L (2447)-Bogut,Z (2434) Bol 2015}) 15. Bxd6 Qxd6 16. Ng3 Bg6 17. Qd2 b5 18. h4 Bxc2 19. Qxc2 Ng6 20. h5 Nf4 21. Rxe8 Rxe8 22. Re1 Rxe1+ 23. Nxe1 Ne7 24. Qd2 g5 25. hxg6 $1 hxg6 26. Ne2 Nxe2+ (26... Ne6 {looks sharper.} 27. Nc2 Kg7 28. Ne3 a5 29. Ng4 g5) 27. Qxe2 Kf7 28. Nc2 Qe6 29. Kf1 Qf5 30. Ke1 Nc6 31. Kd1 a5 32. a3 Ne7 33. f3 g5 34. Qe3 Qh7 35. Qe1 Qd3+ 36. Kc1 Nf5 ({Black should play} 36... Ng6 $15 37. Qd1 Nf4 38. Qxd3 Nxd3+ 39. Kb1 f5) 37. Qd1 Qxd1+ $1 {Accuracy: White = 40%, Black = 46%.} 1/2-1/2

[Event "RUS-chT Men Rapid 2019"]
[Site "Sochi"]
[Date "2019.10.18"]
[Round "5.2"]
[White "Potkin, Vladimir"]
[Black "Pridorozhni, Aleksei"]
[Result "1/2-1/2"]
[WhiteElo "2583"]
[BlackElo "2599"]
[Annotator "ChessBase"]
[PlyCount "47"]
[EventDate "2019.10.18"]
[EventType "swiss"]
[EventCountry "RUS"]
[SourceTitle "playchess.com"]
[Source "ChessBase"]
[SourceQuality "1"]
[TimeControl "900+10"]

1. c4 {[%emt 0:00:00]} e6 {[%emt 0:00:00]} 2. Nc3 {[%emt 0:00:00]} d5 {[%emt 0:00:00]} 3. d4 {[%emt 0:00:00]} Nf6 {[%emt 0:00:00]} 4. cxd5 {[%emt 0:00:06]} Nxd5 {[%emt 0:00:02]} 5. e3 {[%emt 0:00:13]} Be7 {[%emt 0:00:59]} 6. Bd3 {[%emt 0:00:28]} O-O {[%emt 0:00:41]} 7. Nf3 {[%emt 0:00:05]} b6 {[%emt 0:00:14]} 8. O-O {[%emt 0:00:36]} c5 {[%emt 0:01:08]} 9. Nxd5 {[%emt 0:00:53]} exd5 {[%emt 0:00:02]} 10. dxc5 {[%emt 0:00:11]} bxc5 {[%emt 0:00:03]} 11. e4 {[%emt 0:00:08]} d4 {[%emt 0:00:12]} 12. e5 {[%emt 0:01:41]} Ba6 {[%emt 0:00:31]} 13. Re1 {[%emt 0:02:06]} Bxd3 {[%emt 0:00:20]} 14. Qxd3 {[%emt 0:00:01]} Nc6 {[%emt 0:00:11]} 15. Qe4 {[%emt 0:00:08]} Rc8 {[%emt 0:00:32]} 16. Bd2 {[%emt 0:00:58]} Qd7 {[%emt 0:00:31]} 17. Rac1 {[%emt 0:00:16]} h6 {[%emt 0:00:36]} 18. b3 {[%emt 0:00:32]} Rfe8 {[%emt 0:01:23]} 19. e6 {[%emt 0:01:50]} Qxe6 {[%emt 0:00:07]} 20. Qxe6 {[%emt 0:00:02]} fxe6 {[%emt 0:00:02]} 21. Rxe6 {[%emt 0:00:01]} Bf8 {[%emt 0:00:08]} 22. Rxe8 {[%emt 0:00:02]} Rxe8 {[%emt 0:00:01]} 23. Kf1 {[%emt 0:00:02]} Kf7 {[%emt 0:00:21]} 24. Ne1 {[%emt 0:00:49]} 1/2-1/2

[Event "RUS-chT Men Rapid 2019"]
[Site "Sochi"]
[Date "2019.10.18"]
[Round "5.3"]
[White "Belyakov, Bogdan"]
[Black "Savchenko, Boris"]
[Result "1/2-1/2"]
[WhiteElo "2495"]
[BlackElo "2581"]
[Annotator "ChessBase"]
[PlyCount "42"]
[EventDate "2019.10.18"]
[EventType "swiss"]
[EventCountry "RUS"]
[SourceTitle "playchess.com"]
[Source "ChessBase"]
[SourceQuality "1"]
[TimeControl "900+10"]

1. e4 {[%emt 0:00:00]} c5 {[%emt 0:00:00]} 2. c3 {[%emt 0:00:00]} Nf6 {[%emt 0:00:00]} 3. e5 {[%emt 0:00:00]} Nd5 {[%emt 0:00:00]} 4. Bc4 {[%emt 0:00:00]} Nb6 {[%emt 0:00:00]} 5. Bb3 {[%emt 0:00:00]} c4 {[%emt 0:00:05]} 6. Bc2 {[%emt 0:00:02]} Nc6 {[%emt 0:00:03]} 7. Nf3 {[%emt 0:00:02]} Qc7 {[%emt 0:00:16]} 8. O-O {[%emt 0:00:04]} Nxe5 {[%emt 0:00:02]} 9. Nxe5 {[%emt 0:00:02]} Qxe5 {[%emt 0:00:02]} 10. Re1 {[%emt 0:00:02]} Qc7 {[%emt 0:00:30]} 11. a4 {[%emt 0:00:01]} e6 {[%emt 0:00:03]} 12. a5 {[%emt 0:01:39]} Nd5 {[%emt 0:00:01]} 13. d3 {[%emt 0:00:02]} cxd3 {[%emt 0:00:06]} 14. Qxd3 {[%emt 0:00:02]} Nf6 {[%emt 0:00:15]} 15. Na3 {[%emt 0:01:33]} Qxa5 {[%emt 0:01:20]} 16. Bf4 {[%emt 0:02:02]} Bxa3 {[%emt 0:01:16]} 17. Rxa3 {[%emt 0:00:20]} Qd5 {[%emt 0:00:11]} 18. Qe2 {[%emt 0:01:42]} Qh5 {[%emt 0:01:09]} 19. Qd2 {[%emt 0:00:36]} Qd5 {[%emt 0:00:04]} 20. Qe2 {[%emt 0:00:22]} Qh5 {[%emt 0:00:02]} 21. Qd2 {[%emt 0:00:41]} Qd5 {[%emt 0:00:02]} 1/2-1/2

[Event "RUS-chT Men Rapid 2019"]
[Site "Sochi"]
[Date "2019.10.18"]
[Round "5.4"]
[White "Popov, Ivan"]
[Black "Savitskiy, Sergey"]
[Result "1-0"]
[WhiteElo "2611"]
[BlackElo "2407"]
[Annotator "TA"]
[PlyCount "49"]
[EventDate "2019.10.18"]
[EventType "swiss"]
[EventCountry "RUS"]
[SourceTitle "playchess.com"]
[Source "ChessBase"]
[SourceQuality "1"]

{[%evp 11,63,5,28,17,21,20,18,21,48,40,44,39,83,72,81,55,62,62,84,79,86,79,90,80,100,75,125,125,141,141,142,146,142,148,160,151,306,302,309,283,311,300,304,307,302,264,260,249,243,245,324,315,945,937]} 1. e4 c5 2. Nf3 d6 3. d4 cxd4 4. Qxd4 Nc6 5. Bb5 Bd7 6. Qd3 Nf6 7. c4 {B53: Sicilian: 2...d6: Lines with Qxd4} (7. O-O g6 8. c4 Bg7 9. Nc3 O-O 10. h3 Rc8 11. Rd1 a6 12. Bxc6 Bxc6 13. Nd4 Nd7 14. Be3 Nc5 {½-½ (41) Andreikin,D (2725)-Andriasian,Z (2604) chess.com INT 2019}) 7... a6 8. Bxc6 Bxc6 9. Nc3 {The position is equal.} h6 10. Nd4 Bd7 $146 ({Predecessor:} 10... e5 11. Nf5 g6 12. Ne3 b5 13. cxb5 axb5 {1-0 (58) Popov,I (2599)-Mustaps,M (2381) Riga 2019}) 11. O-O e5 12. Nc2 Be7 13. Ne3 O-O 14. a4 Rc8 15. b3 Be6 16. Ba3 Nd7 17. Rfd1 Nc5 18. Qc2 Bg5 19. Nf5 Bxf5 20. exf5 Qb6 21. Rab1 Rfe8 22. b4 Nd7 {[#]} 23. c5 $1 $36 {[%cal Rc5b6][%mdl 2560] White has strong initiative.} dxc5 $2 (23... Qc7 $16 {was worth a try.}) 24. Rxd7 $18 cxb4 {[#] ...Qc6 is the strong threat.} 25. Bxb4 {Played: Qc2-b3} 1-0

[Event "RUS-chT Men Rapid 2019"]
[Site "Sochi"]
[Date "2019.10.18"]
[Round "5.5"]
[White "Drygalov, Andrey"]
[Black "Bocharov, Dmitry"]
[Result "1-0"]
[WhiteElo "2484"]
[BlackElo "2519"]
[Annotator "ChessBase"]
[PlyCount "73"]
[EventDate "2019.10.18"]
[EventType "swiss"]
[EventCountry "RUS"]
[SourceTitle "playchess.com"]
[Source "ChessBase"]
[SourceQuality "1"]
[TimeControl "900+10"]

1. e4 {[%emt 0:00:00]} c5 {[%emt 0:00:00]} 2. Nf3 {[%emt 0:00:00]} e6 {[%emt 0:00:01]} 3. d4 {[%emt 0:00:00]} cxd4 {[%emt 0:00:02]} 4. Nxd4 {[%emt 0:00:00]} Nc6 {[%emt 0:00:01]} 5. Nc3 {[%emt 0:00:00]} Qc7 {[%emt 0:00:04]} 6. g3 {[%emt 0:00:00]} a6 {[%emt 0:00:04]} 7. Bg2 {[%emt 0:00:01]} Nf6 {[%emt 0:00:02]} 8. O-O {[%emt 0:00:01]} Be7 {[%emt 0:00:35]} 9. Re1 {[%emt 0:00:13]} O-O {[%emt 0:00:03]} 10. Nxc6 {[%emt 0:00:08]} dxc6 {[%emt 0:00:02]} 11. e5 {[%emt 0:00:12]} Rd8 {[%emt 0:00:02]} 12. Qf3 {[%emt 0:00:20]} Nd5 {[%emt 0:00:02]} 13. h4 {[%emt 0:00:08]} b6 {[%emt 0:00:14]} 14. Bg5 {[%emt 0:00:47]} h6 {[%emt 0:00:15]} 15. Bxe7 {[%emt 0:00:04]} Nxe7 {[%emt 0:00:02]} 16. h5 {[%emt 0:03:17]} Bb7 {[%emt 0:01:07]} 17. Rad1 {[%emt 0:00:47]} Rab8 {[%emt 0:01:20]} 18. Qf4 {[%emt 0:02:06]} Rxd1 {[%emt 0:04:24]} 19. Rxd1 {[%emt 0:00:01]} Nd5 {[%emt 0:00:01]} 20. Nxd5 {[%emt 0:00:22]} exd5 {[%emt 0:01:55]} 21. Qe3 {[%emt 0:02:53]} Bc8 {[%emt 0:00:33]} 22. f4 {[%emt 0:01:32]} Be6 {[%emt 0:00:29]} 23. Bf3 {[%emt 0:00:22]} Rd8 {[%emt 0:00:07]} 24. g4 {[%emt 0:00:16]} c5 {[%emt 0:00:03]} 25. c3 {[%emt 0:00:01]} d4 {[%emt 0:01:47]} 26. cxd4 {[%emt 0:00:01]} cxd4 {[%emt 0:00:01]} 27. Rxd4 {[%emt 0:00:20]} Rxd4 {[%emt 0:00:01]} 28. Qxd4 {[%emt 0:00:01]} Bxa2 {[%emt 0:00:05]} 29. Kg2 {[%emt 0:00:53]} a5 {[%emt 0:00:18]} 30. Be4 {[%emt 0:01:06]} Be6 {[%emt 0:00:26]} 31. f5 {[%emt 0:00:02]} Bd7 {[%emt 0:00:01]} 32. Kh3 {[%emt 0:00:26]} b5 {[%emt 0:00:57]} 33. Bd5 {[%emt 0:00:02]} Be8 {[%emt 0:00:11]} 34. e6 {[%emt 0:00:14]} fxe6 {[%emt 0:00:05]} 35. Bxe6+ {[%emt 0:00:13]} Kh8 {[%emt 0:01:33]} 36. f6 {[%emt 0:00:31]} a4 {[%emt 0:00:20]} 37. Qb4 {[%emt 0:00:33]} 1-0

[Event "RUS-chT Men Rapid 2019"]
[Site "Sochi"]
[Date "2019.10.18"]
[Round "5.6"]
[White "Yuffa, Daniil"]
[Black "Lugovskoy, Maxim"]
[Result "1-0"]
[WhiteElo "2577"]
[BlackElo "2436"]
[Annotator "ChessBase"]
[PlyCount "66"]
[EventDate "2019.10.18"]
[EventType "swiss"]
[EventCountry "RUS"]
[SourceTitle "playchess.com"]
[Source "ChessBase"]
[SourceQuality "1"]
[TimeControl "900+10"]

1. d4 {[%emt 0:00:00]} d5 {[%emt 0:00:00]} 2. c4 {[%emt 0:00:00]} e6 {[%emt 0:00:00]} 3. g3 {[%emt 0:00:04]} Nf6 {[%emt 0:00:17]} 4. Bg2 {[%emt 0:00:02]} Be7 {[%emt 0:00:01]} 5. Nf3 {[%emt 0:00:07]} O-O {[%emt 0:00:02]} 6. O-O {[%emt 0:00:03]} dxc4 {[%emt 0:00:03]} 7. Qc2 {[%emt 0:00:04]} a6 {[%emt 0:00:02]} 8. a4 {[%emt 0:00:03]} Bd7 {[%emt 0:00:32]} 9. Bg5 {[%emt 0:00:04]} Bc6 {[%emt 0:00:20]} 10. Rd1 {[%emt 0:00:07]} Nbd7 {[%emt 0:00:30]} 11. Nbd2 {[%emt 0:00:14]} h6 {[%emt 0:01:13]} 12. Bxf6 {[%emt 0:00:03]} Nxf6 {[%emt 0:00:05]} 13. Nxc4 {[%emt 0:00:06]} Be4 {[%emt 0:00:54]} 14. Qc1 {[%emt 0:00:03]} b5 {[%emt 0:00:58]} 15. Nce5 {[%emt 0:00:36]} Qd5 {[%emt 0:00:09]} 16. Qxc7 {[%emt 0:01:41]} Bd6 {[%emt 0:00:03]} 17. Qa5 {[%emt 0:00:38]} Rfc8 {[%emt 0:00:55]} 18. Rdc1 {[%emt 0:01:13]} Rxc1+ {[%emt 0:03:20]} 19. Rxc1 {[%emt 0:00:01]} bxa4 {[%emt 0:00:33]} 20. Qxa4 {[%emt 0:00:39]} a5 {[%emt 0:00:17]} 21. Nc4 {[%emt 0:02:32]} Rc8 {[%emt 0:00:56]} 22. Rc3 {[%emt 0:00:55]} Bxf3 {[%emt 0:02:02]} 23. Bxf3 {[%emt 0:00:01]} Qxd4 {[%emt 0:01:45]} 24. e3 {[%emt 0:00:14]} Rxc4 {[%emt 0:00:39]} 25. Qxc4 {[%emt 0:00:23]} Qxc4 {[%emt 0:00:37]} 26. Rxc4 {[%emt 0:00:02]} g5 {[%emt 0:00:06]} 27. Kf1 {[%emt 0:00:33]} Bb4 {[%emt 0:00:10]} 28. Ke2 {[%emt 0:00:16]} Kg7 {[%emt 0:00:01]} 29. h3 {[%emt 0:00:40]} Nd7 {[%emt 0:00:08]} 30. Rc7 {[%emt 0:00:14]} Ne5 {[%emt 0:00:03]} 31. Bh5 {[%emt 0:00:10]} Kf6 {[%emt 0:00:38]} 32. f4 {[%emt 0:00:08]} gxf4 {[%emt 0:00:13]} 33. exf4 {[%emt 0:00:29]} Ng6 {[%emt 0:00:02]} 1-0

[Event "RUS-chT Men Rapid 2019"]
[Site "Sochi"]
[Date "2019.10.18"]
[Round "5.7"]
[White "Vastrukhin, Oleg"]
[Black "Morozevich, Alexander"]
[Result "0-1"]
[WhiteElo "2428"]
[BlackElo "2659"]
[Annotator "RC"]
[PlyCount "128"]
[EventDate "2019.10.18"]
[EventType "swiss"]
[EventCountry "RUS"]
[SourceTitle "playchess.com"]
[Source "ChessBase"]
[SourceQuality "1"]
[TimeControl "900+10"]

1. g3 {[%emt 0:00:00]} e5 {[%emt 0:00:21]} 2. Bg2 {[%emt 0:00:00]} d5 {[%emt 0:00:01]} 3. c3 {[%emt 0:00:00]} c6 {[%emt 0:00:15]} 4. d4 {[%emt 0:00:02]} Nd7 {[%emt 0:01:04]} 5. c4 {[%emt 0:01:42]} dxc4 {[%emt 0:00:19]} 6. Nf3 {[%emt 0:00:08]} exd4 {[%emt 0:00:16]} 7. Qxd4 {[%emt 0:01:08]} Nb6 {[%emt 0:00:07]} 8. Qxd8+ {[%emt 0:01:31]} Kxd8 {[%emt 0:00:01]} 9. Nc3 {[%emt 0:00:01]} Nf6 {[%emt 0:01:03]} 10. Be3 {[%emt 0:00:54]} Nfd5 {[%emt 0:01:07]} 11. Rd1 {[%emt 0:00:16]} Kc7 {[%emt 0:00:20]} 12. Bd4 {[%emt 0:00:07]} f6 {[%emt 0:00:04]} 13. O-O {[%emt 0:00:27]} Nxc3 {[%emt 0:01:47]} 14. bxc3 {[%emt 0:00:19]} Bd6 {[%emt 0:01:24]} 15. e4 {[%emt 0:01:50]} Re8 {[%emt 0:00:07]} 16. Nd2 {[%emt 0:00:50]} c5 {[%emt 0:03:22]} 17. Be3 {[%emt 0:00:07]} Be6 {[%emt 0:00:01]} 18. f4 {[%emt 0:01:08]} Rad8 {[%emt 0:00:57]} 19. e5 {[%emt 0:01:14]} fxe5 {[%emt 0:00:01]} 20. Ne4 {[%emt 0:00:02]} Bf8 {[%emt 0:01:28]} 21. Rxd8 {[%emt 0:02:43]} Rxd8 {[%emt 0:00:03]} 22. fxe5 {[%emt 0:00:02]} Nd5 {[%emt 0:01:58]} 23. Bxc5 {[%emt 0:00:36]} Bxc5+ {[%emt 0:00:04]} 24. Nxc5 {[%emt 0:00:01]} Bg8 {[%emt 0:00:45]} 25. e6 {[%emt 0:00:25]} Nf6 {[%emt 0:00:38]} 26. Nxb7 {[%emt 0:00:21]} Rd2 {[%emt 0:00:01]} 27. Nc5 {[%emt 0:00:36]} Rxa2 {[%emt 0:00:26]} 28. e7 {[%emt 0:00:35]} Re2 {[%emt 0:00:45]} 29. Ra1 {[%emt 0:01:35]} Rxe7 {[%emt 0:00:01]} 30. Rxa7+ {[%emt 0:00:01]} Kd6 {[%emt 0:00:00]} 31. Nb7+ {[%emt 0:00:02]} Ke5 {[%emt 0:00:12]} 32. Ra1 {[%emt 0:00:41]} Nd5 {[%emt 0:00:39]} 33. Na5 {[%emt 0:00:39]} Rc7 {[%emt 0:00:10]} 34. Re1+ {[%emt 0:00:15]} Kf6 {[%emt 0:00:12]} 35. Rf1+ {[%emt 0:00:11]} Ke7 {[%emt 0:00:23]} 36. Re1+ {[%emt 0:00:12]} Kd6 37. Rd1 Kc5 {[%emt 0:00:12]} 38. Rb1 {[%emt 0:00:24]} Nxc3 {[%emt 0:00:09]} 39. Nb7+ {[%emt 0:00:10]} Kd4 {[%emt 0:00:04]} 40. Rb2 {[%emt 0:00:14]} Bd5 {[%emt 0:00:19]} 41. Nd6 {[%emt 0:00:02]} Kc5 {[%emt 0:00:21]} 42. Nf5 {[%emt 0:00:17]} Bxg2 {[%emt 0:00:11]} 43. Kxg2 {[%emt 0:00:01]} Nd5 {[%emt 0:00:05]} 44. Ra2 {[%emt 0:00:09]} Kb4 {[%emt 0:00:20]} 45. Nd4 {[%emt 0:00:08]} c3 {[%emt 0:00:04]} 46. Kf3 {[%emt 0:00:04]} Kc4 {[%emt 0:00:03]} 47. Ne2 {[%emt 0:00:23]} Rf7+ {[%emt 0:00:06]} 48. Ke4 {[%emt 0:00:06]} Re7+ {[%emt 0:00:03]} 49. Kf3 {[%emt 0:00:01]} Nb4 {[%emt 0:00:37]} 50. Ra8 {[%emt 0:00:01]} Rc7 {[%emt 0:00:04]} 51. Ke3 {[%emt 0:00:19]} Nd5+ {[%emt 0:00:11]} 52. Kf2 {[%emt 0:00:06]} c2 {[%emt 0:00:06]} 53. Ra3 {[%emt 0:00:13]} Kb4 {[%emt 0:00:10]} 54. Rd3 {[%emt 0:00:11]} Rf7+ {[%emt 0:00:18]} 55. Rf3 {[%emt 0:00:29]} Rxf3+ {[%emt 0:00:02]} 56. Kxf3 {[%emt 0:00:01]} Kc4 {[%emt 0:00:04]} 57. Nc1 {[%emt 0:00:10]} Kc3 {[%emt 0:00:10]} 58. Ke4 {[%emt 0:00:13]} Nf6+ {[%emt 0:00:19]} 59. Kf5 {[%emt 0:00:06]} Kd2 {[%emt 0:00:01]} 60. Nb3+ {[%emt 0:00:01]} Ke3 {[%emt 0:00:05]} 61. g4 {[%emt 0:00:04]} Ne4 {[%emt 0:00:04]} 62. h4 g6+ {[%emt 0:00:16]} 63. Ke5 {[%emt 0:00:27]} Nc5 {[%emt 0:00:02]} 64. Nc1 {[%emt 0:00:00]} Nd3+ {[%emt 0:00:01]} 0-1

[Event "RUS-chT Men Rapid 2019"]
[Site "Sochi"]
[Date "2019.10.18"]
[Round "5.8"]
[White "Khismatullin, Denis"]
[Black "Utnasunov, Alexander"]
[Result "0-1"]
[WhiteElo "2611"]
[BlackElo "2442"]
[Annotator "TA"]
[PlyCount "82"]
[EventDate "2019.10.18"]
[EventType "swiss"]
[EventCountry "RUS"]
[SourceTitle "playchess.com"]
[Source "ChessBase"]
[SourceQuality "1"]

{[%evp 13,82,21,27,18,19,9,12,5,29,30,30,0,109,104,116,106,108,91,132,78,134,130,129,124,129,129,137,124,167,125,134,124,178,164,236,134,127,138,141,138,133,0,0,0,0,0,28,0,7,45,18,0,101,99,1680,0,0,0,0,-409,-399,-705,-689,-1566,-1630,-4770,-2709,-29965,-29966,-4810,-4762]} 1. d4 d5 2. c4 c6 3. Nf3 Nf6 4. e3 e6 5. Nbd2 Nbd7 6. b3 Bd6 7. Bb2 O-O 8. Qc2 {D30: Queen's Gambit Declined: Systems without Nc3} (8. Bd3 b6 9. O-O Bb7 10. Qc2 c5 11. cxd5 exd5 12. dxc5 bxc5 13. Rfe1 Re8 14. Rad1 Qe7 15. Bb5 Rad8 {1-0 (68) Kuzubov,Y (2660)-Ali Marandi,C (2540) Ankara 2018}) 8... Qe7 9. Ne5 c5 10. Bd3 {The position is equal.} b6 11. cxd5 $146 ({Predecessor:} 11. O-O Bb7 12. Nxd7 Qxd7 13. dxc5 bxc5 14. cxd5 exd5 15. Bxf6 gxf6 {1-0 (39) Ju,W (2544)-Shen,Y (2397) Wuxi 2013}) 11... exd5 {[%cal Rd7e5]} 12. Ndf3 (12. Nxd7 {with more complications.} Bxd7 13. dxc5 Bxc5 14. O-O Bb4 15. Rfc1) 12... Bb7 (12... Ne4 $11) 13. Nxd7 $1 $16 Qxd7 14. dxc5 bxc5 15. Bxf6 $1 gxf6 16. Bxh7+ Kg7 (16... Kh8 $142) 17. Bf5 Qe7 18. O-O Rh8 19. Rfe1 Rag8 20. Rad1 Kf8 21. h3 d4 {And now ...Bxf3 would win.} 22. e4 $1 (22. exd4 Bxf3 23. Rxe7 Rxg2+ 24. Kf1 Rh2 $17) 22... Qc7 {[#]} (22... a5 $16 {was called for.} 23. Qe2 Qc7) 23. b4 $1 $18 {[%mdl 512]} Rh5 (23... cxb4 $142 24. Qxc7 (24. Nxd4 Kg7 $16) 24... Bxc7 25. Rxd4 Bb6) 24. Bg4 (24. Qe2 $1 $18) 24... Rxg4 $16 25. hxg4 Bh2+ 26. Kf1 $1 Ba6+ 27. Re2 (27. Rd3 $1 $16 cxb4 28. Qxc7 Bxd3+ 29. Re2 Bxc7 30. gxh5) 27... Rh8 $11 28. Qa4 Qb7 $1 {White must now prevent ...Bf4.} 29. Qc2 $1 {g3 is the strong threat.} (29. bxc5 $2 Be5 $19) 29... Be5 {Hoping for ...Rh1+.} 30. Kg1 $1 (30. bxc5 {gets mated.} Rh1+ 31. Ng1 Bh2 32. f4 Bxg1 33. g3 d3 $1 {[%mdl 512]} 34. Kg2 dxc2 35. Rde1 Rh2+ 36. Kxg1 Rxe2 37. Rxe2 Bxe2 38. g5 c1=Q+ 39. Kf2 Qxe4 40. gxf6 Qf3#) ({Don't blunder} 30. Qxc5+ $2 Kg7 $1 $19 {[%mdl 512]}) 30... Bxe2 31. Qxe2 Qxb4 32. g5 c4 (32... Qb6 $11 {keeps the balance.}) 33. gxf6 $1 $16 ({But not} 33. Nxd4 $6 Bh2+ 34. Kf1 Be5 $11) 33... d3 $2 {[%mdl 8192] [#]} (33... Qc5 $16) 34. Qe3 $2 (34. Nxe5 $1 $18 {[%mdl 512] Qg4 would kill now.} Rh6 35. Qe3 $1 {[%mdl 512]} Rxf6 36. Nd7+ {[%mdl 64] Double Attack} Kg7 37. Nxf6 Kxf6 38. e5+ Ke6 39. Qd4) 34... Bxf6 $11 35. e5 Be7 $36 {[%mdl 2048] Strongly threatening ...Bc5. White is under pressure.} 36. Qf4 $2 {[%mdl 8192] [#]} (36. e6 $11 {and White has nothing to worry.}) 36... c3 $1 $19 {[%cal Bc4c3,Bc3c2][%mdl 32]} 37. Qf5 $2 (37. Qxb4 Bxb4 38. Ne1) 37... c2 38. Rc1 Qc4 39. e6 Qxe6 40. Qf4 Bd6 41. Qg5 Qh6 {Accuracy: White = 47%, Black = 44%.} 0-1